50 losowych herbów państw świata - Statystyki

Ogólne statystyki
  • Ten quiz został rozwiązany 185 razy
  • Średni wynik to 21 z 50
Statystyki odpowiedzi
Obrazkowy Odpowiedź % Poprawnych
Polska
95%
Korea Południowa
92%
Kosowo
92%
Węgry
92%
Albania
90%
Hiszpania
89%
Austria
88%
Liban
88%
Islandia
86%
Slowacja
86%
Słowenia
86%
Stany Zjednoczone
86%
Argentyna
85%
Irak
85%
Niemcy
85%
Dominikana
84%
Malta
84%
Ukraina
84%
Szwajcaria
83%
Turcja
83%
Nepal
81%
Chorwacja
80%
Serbia
80%
Izrael
79%
Syria
79%
Bośnia i Hercegowina
78%
Zjednoczone Emiraty Arabskie
77%
Iran
76%
Kenia
76%
Meksyk
76%
Watykan
76%
Litwa
75%
Niger
75%
Chiny
74%
Egipt
74%
Portugalia
74%
San Marino
74%
Kiribati
72%
Mołdawia
71%
Tanzania
71%
Andora
70%
Togo
70%
Turkmenistan
70%
Ekwador
69%
Kolumbia
69%
Malediwy
69%
Tunezja
69%
Belgia
67%
Maroko
67%
Somalia
67%
Madagaskar
66%
Nikaragua
66%
Australia
65%
Burkina Faso
65%
Mozambik
65%
Etiopia
64%
Kamerun
64%
Salwador
64%
Tajwan
64%
Grecja
63%
Kuwejt
63%
Wietnam
63%
Białoruś
62%
Irlandia
62%
Korea Północna
62%
Uzbekistan
62%
Laos
61%
Namibia
61%
Nowa Zelandia
61%
Tadżykistan
60%
Czechy
59%
Panama
59%
Urugwaj
59%
Haiti
57%
Republika Środkowoafrykańska
56%
Rosja
56%
Sri Lanka
56%
Kostaryka
55%
Indie
54%
Czarnogóra
53%
Mjanma
53%
Pakistan
53%
Rumunia
53%
Mauretania
52%
Bahrajn
50%
Boliwia
50%
Bułgaria
47%
Holandia
47%
Tonga
47%
Filipiny
46%
Japonia
46%
Mongolia
46%
Luksemburg
45%
Wenezuela
45%
Kirgistan
44%
Szwecja
44%
Peru
43%
Gruzja
42%
Gwinea
42%
Belize
39%
Wielka Brytania
37%
Francja
36%
Azerbejdżan
35%
Katar
34%
Afganistan
33%
Ghana
33%
Jordania
33%
Oman
32%
Zimbabwe
32%
Bhutan
31%
Gabon
31%
Gwatemala
31%
Kanada
31%
Singapur
31%
Paragwaj
30%
Cypr
29%
Dominika
29%
Eswatini
29%
Antigua i Barbuda
28%
Brunei
28%
Arabia Saudyjska
27%
Estonia
27%
Jemen
27%
Liechtenstein
27%
Indonezja
26%
Finlandia
25%
Gwinea Równikowa
25%
Tajlandia
25%
Angola
24%
Botswana
24%
Dania
24%
Libia
24%
Malezja
24%
Wybrzeże Kości Słoniowej
24%
Kazachstan
23%
Samoa
22%
Bangladesz
21%
Kambodża
21%
Chile
20%
Timor Wschodni
20%
Włochy
20%
Erytrea
19%
Liberia
19%
Brazylia
18%
Mikronezja
18%
Sudan
17%
Zambia
17%
Kongo
16%
Armenia
15%
Gwinea Bissau
15%
Mauritius
15%
Norwegia
15%
Monako
14%
Bahamy
13%
Demokratyczna Republika Konga
13%
Jamajka
13%
Fidżi
12%
Honduras
12%
Uganda
12%
Komory
11%
Łotwa
11%
Papua Nowa Gwinea
11%
Trynidad i Tobago
11%
Algieria
10%
Dżibuti
10%
Benin
9%
Grenada
9%
Gujana
9%
Macedonia Północna
9%
Kuba
8%
Lesotho
8%
Senegal
8%
Nigeria
7%
Palau
7%
Rwanda
7%
Seszele
6%
Sudan Południowy
6%
Republika Południowej Afryki
5%
Vanuatu
5%
Wyspy Marshalla
5%
Nauru
4%
Wyspy Świętego Tomasza i Książeca
4%
Burundi
3%
Czad
3%
Malawi
3%
Mali
3%
Saint Lucia
3%
Saint Vincent i Grenadyny
3%
Wyspy Salomona
2%
Barbados
0%
Gambia
0%
Republika Zielonego Przylądka
0%
Saint Kitts i Nevis
0%
Sierra Leone
0%
Surinam
0%
Tuvalu
0%
Nie znaleziono quizów pasujących do podanych kryteriów
Rozkład punktacji
Procent ludzi z każdym wynikiem
Percentyl według liczby udzielonych odpowiedzi
Twoja historia wyników
Nie rozwiązałeś tego quizu